000 00345nam a22001217a 4500
005 20250901165214.0
008 210219b ||||| |||| 00| 0 eng d
020 _a0534526926
050 _aJK 1968 A38 200
245 _aTHE ROADS TO CONGRESS 2000
_cAHUJA, SUNIL
260 _aU.S.A.
_bWADSWORTH
_c2000
942 _2lcc
_hJK 1968 A38 200
999 _c301
_d301